000 01039nam0a22002531 4500
001 rc\4473428
005 20130416165433.8
021 _aRU
_b[64-87033]
035 _a(NLR Aleph) 008598021
090 _a8686005
_c8686005
100 _a20130416d1964 |||y0rusy50 ca
101 0 _arus
102 _aRU
105 _ay z |||||
200 1 _aМестные бонитировочные таблицы хода роста молодых гнездовых культур дуба для светло-каштановой зоны Калмыцкой АССР
_fМСХ СССР. Калмыц. науч.-исслед. лесная опыт. станция ВНИАЛМИ
210 _aЭлиста
_cБ. и.
_d1964
215 _a8 с.
_d20
606 _aДуб
_xРост и развитие
_yКалмыцкая АССР
_jТаблицы оценки
_2psbo
700 1 _aКрывда
_bС. А.
_gСергей Андреевич
801 0 _aRU
_bNLR
_gpsbo
801 1 _aRU
_bELAR
_2rusmarc
852 _aNLR
_j64-4/19067
942 _cBOOK
980 _aNB